| 000 | 01030nam a2200253Ia 4500 | ||
|---|---|---|---|
| 003 | GCL | ||
| 008 | 140319s9999 xx 000 0 ara d | ||
| 020 | _a98341024 | ||
| 040 |
_aGCL / _cGCL |
||
| 082 | 0 | 4 |
_aد _b050 _bم م |
| 100 | 1 | _aمركز دراسات الوحدة العربية | |
| 245 | 1 | 0 |
_aالمستقبل العربي : _bمجلة فكرية تعنى بقضايا الوحدة العربية ومشكلات المجتمع العربى / _cمركز دراسات الوحدة العربية |
| 260 |
_aبيروت : _bمركز دراسات الوحدة العربية ، _c1997 |
||
| 300 | _a180 | ||
| 650 | 0 | 4 | _aالنزاع العربى الاسرائيلى |
| 650 | 0 | 4 | _aالسياسة الدولية |
| 650 | 0 | 4 | _aالسياسة |
| 650 | 0 | 4 | _aالقضية الفلسطينية |
| 650 | 0 | 4 | _aالسياسة الخارجية |
| 650 | 0 | 4 | _aالدول العربية |
| 650 | 0 | 4 | _aالدوريات العربية |
| 650 | 0 | 4 | _aالشرق الاوسط - العلاقات الخارجية |
| 942 |
_2ddc _cCR |
||
| 999 |
_c27021 _d27021 |
||